Ciudad de Dios /

Follows three boys from one of the most brutal, violent, and corrupt slums in Rio de Janeiro from the 1970s to the 1990s, a period when the only spark of hope comes from the story of a boy who wants to be a photographer.

Bibliographic Details
Main Author: Lins, Paulo, 1958-
Other Authors: Merlino, Mario
Format: Book
Language:Spanish
Published: [Barcelona] : Tusquets Editores, 2003.
Edition:2. ed.
Series:Colección Andanzas ; 508
Subjects:

MARC

Tag First Indicator Second Indicator Subfields
LEADER 00000cam a2200000Ia 4500
001 in00002091021
005 20151102143848.0
008 050526s2003 sp 000 f spa c
020 |a 8483102358 
035 |a (OCoLC)ocm60496458 
040 |a EYB  |c EYB  |d BAKER  |d TEF  |d UtOrBLW 
041 1 |a spa  |h por 
049 |a TXAM 
082 0 4 |a 869/.3  |2 22 
090 |a PQ9698.22.I574  |b C518 2003 
100 1 |a Lins, Paulo,  |d 1958- 
240 1 0 |a Cidade de Deus.  |l Spanish 
245 1 0 |a Ciudad de Dios /  |c Paulo Lins ; traducción de Mario Merlino. 
250 |a 2. ed. 
264 1 |a [Barcelona] :  |b Tusquets Editores,  |c 2003. 
300 |a 398 pages ;  |c 23 cm. 
336 |a text  |b txt  |2 rdacontent 
337 |a unmediated  |b n  |2 rdamedia 
338 |a volume  |b nc  |2 rdacarrier 
490 0 |a Colección Andanzas ;  |v 508 
520 |a Follows three boys from one of the most brutal, violent, and corrupt slums in Rio de Janeiro from the 1970s to the 1990s, a period when the only spark of hope comes from the story of a boy who wants to be a photographer. 
650 0 |a Poor  |z Brazil  |z Rio de Janeiro  |v Fiction. 
650 0 |a Photography  |v Fiction. 
651 0 |a Rio de Janeiro (Brazil)  |v Fiction. 
650 7 |a Fotografía  |v Novela.  |2 bidex 
651 7 |a Río de Janeiro (Brasil)  |v Novela.  |2 bidex 
700 1 |a Merlino, Mario. 
994 |a C0  |b TXA 
948 |a cataloged  |b h  |c 2005/11/8  |d c  |e bwalker  |f 1:55:50 pm 
999 |a MARS 
999 f f |s 8d6eb6d8-4819-3f00-b893-7fee712aa264  |i 307da6e1-d30a-30b4-91d6-e35e56a8222a  |t 0 
952 f f |p normal  |a Texas A&M University  |b College Station  |c Sterling C. Evans Library  |d Evans: Library Stacks  |t 0  |e PQ9698.22.I574 C518 2003  |h Library of Congress classification  |i unmediated -- volume  |m A14829957637 
998 f f |a PQ9698.22.I574 C518 2003  |t 0  |l Evans: Library Stacks